| 000 | 00564nam a2200181 u 4500 | ||
|---|---|---|---|
| 005 | 20210223131032.0 | ||
| 008 | 090701s2006 es r 000 0 spa d | ||
| 020 | _a8479911824 | ||
| 035 | _aUPN01000171580 | ||
| 049 | _aCG | ||
| 050 | 4 |
_aRA564.8 _bA8.2 |
|
| 245 | 0 | 0 |
_aAtención a las personas mayores : _bintervención práctica / _ccoord. Ma. Luisa Sarrate Capdevila. |
| 260 |
_aMadrid : _bUniversitas, _c2006 |
||
| 300 | _a281 p. | ||
| 650 | 4 |
_aANCIANOS - _xSALUD E HIGIENE _9584 |
|
| 700 | 1 |
_aSarrate Capdevila, María Luisa, _ecoord. _931341 |
|
| 905 | _aLibro | ||
| 999 |
_c143685 _d143685 |
||